[Event "POLFINAL MISTRZOSTW POLSKI JUNIOROW 2018 - D13"]
[Site "Szczyrk"]
[Date "1899-12-30"]
[Round "8.7"]
[White "Reszka, Zofia"]
[Black "Labedz, Gabriela"]
[Result "1-0"]
[WhiteTitle "I"]
[BlackTitle "II"]
[WhiteElo "1256"]
[BlackElo "1062"]

1. e4 c5 2. Nf3 Nc6 3. d4 cxd4 4. Nxd4 d6 5. Nc3 Nf6 6. Bc4 g6 7. Nxc6 bxc6 8.
e5 Ng4 9. e6 f5 10. h3 Nf6 11. Qe2 d5 12. Bb5 Bb7 13. Bg5 Bg7 14. Bxf6 Bxf6 15.
Bd3 Qb6 16. Nd1 Bc8 17. c4 Qb4+ 18. Kf1 Ba6 19. cxd5 Bxd3 20. Qxd3 Qb5 21. Qxb5
cxb5 22. Rc1 Rd8 23. Rc5 a6 24. Nc3 O-O 25. Ke2 Bd4 26. Rc6 b4 27. Na4 a5 28.
d6 Rxd6 29. Rxd6 exd6 30. Rd1 Be5 31. g3 f4 32. gxf4 Bxf4 33. Rd4 Kg7 34. e7 Re8
35. Rxf4 Rxe7+ 36. Kd3 h6 37. Nb6 g5 38. Rd4 Rf7 39. Ke2 Rc7 40. Rxd6 Rc2+ 41.
Rd2 Rc6 42. Nd5 Re6+ 43. Kf3 Kg6 44. Ne3 Rf6+ 45. Kg2 Kh5 46. Rd5 a4 47. Rd4 Rb6
48. Nd5 Rb5 49. Nxb4 a3 50. bxa3 Ra5 51. Nc2 Ra8 52. a4 Ra7 53. Ne3 Ra5 54. Nd5
Ra8 55. Nb6 Ra6 56. Rb4 Ra7 57. Rb5 Ra6 58. a5 Ra7 59. Nd5 Kh4 60. Nb4 h5 61.
a6 g4 62. hxg4 hxg4 63. Rb7 Ra8 64. a7 g3 65. fxg3+ Kh5 66. Nc6 Kh6 67. Rb8 Rxa7
68. Nxa7 Kh5 69. g4+ Kh6 70. g5+ Kh7 71. Rb6 Kh8 72. Rb7 Kg8 73. Kf3 Kf8 74. Ke4
Kg8 75. Kf5 Kh8 76. Kg6 Kg8 77. Rb8# 1-0

[Event "POLFINAL MISTRZOSTW POLSKI JUNIOROW 2018 - D13"]
[Site "Szczyrk"]
[Date "1899-12-30"]
[Round "8.10"]
[White "Bialek, Alicja"]
[Black "Szczykutowicz, Hanna"]
[Result "1-0"]
[WhiteTitle "I"]
[BlackTitle "II"]
[WhiteElo "1331"]
[BlackElo "1133"]

1. f4 f5 2. Nf3 Nc6 3. g3 e6 4. Bg2 Bc5 5. d4 Bb6 6. d5 Nb4 7. dxe6 dxe6 8. Qxd8+
Kxd8 9. Na3 Nf6 10. Bd2 a5 11. Ne5 Ke7 12. e3 Rd8 13. Ke2 Nbd5 14. Nac4 Ra6 15.
Rad1 Bd7 16. Nxd7 Rxd7 17. Ne5 Rd6 18. c4 Nb4 19. Bxb7 Ra7 20. Bxb4 axb4 21. Nc6+
Rxc6 22. Bxc6 Rxa2 23. Rd2 Ng4 24. b3 Ra3 25. Ba4 Nxe3 26. h3 Nxc4 27. Rd7+ Kf6
28. bxc4 Rxa4 29. Rd2 Ra8 30. g4 Rb8 31. Rb1 c5 32. g5+ Ke7 33. Rbd1 Rb7 34. h4
Ba5 35. Ra2 Ra7 36. Rda1 Bb6 37. Rxa7+ Bxa7 38. Rxa7+ Kd6 39. Rxg7 Kc6 40. Rxh7
Kb6 41. g6 b3 42. Kd2 Ka5 43. g7 Kb4 44. g8=Q Ka3 45. Rb7 Ka2 46. Qh8 b2 47. Qxb2#
1-0

[Event "POLFINAL MISTRZOSTW POLSKI JUNIOROW 2018 - D13"]
[Site "Szczyrk"]
[Date "1899-12-30"]
[Round "8.11"]
[White "Tim, Anna"]
[Black "Szymura, Oliwia"]
[Result "0-1"]
[WhiteTitle "I"]
[BlackTitle "II"]
[WhiteElo "1188"]
[BlackElo "1174"]

1. d4 d5 2. c4 c6 3. Nc3 e6 4. e3 Nd7 5. cxd5 exd5 6. Bd3 Ngf6 7. Nge2 Bd6 8. h3
O-O 9. O-O Re8 10. f4 b6 11. g4 h6 12. Ng3 g6 13. h4 Nh7 14. h5 Qh4 15. Qf3 Ndf6
16. hxg6 fxg6 17. Bxg6 Nxg4 18. Qg2 Re7 19. Rf3 Rg7 20. Bxh7+ Kxh7 21. Qh1 Qf6
22. Nh5 Nxe3+ 23. Nxg7 Qxg7+ 24. Kf2 Nc2 25. Rb1 Qxd4+ 26. Kg2 Bf5 27. a3 Rg8+
28. Rg3 Be4+ 29. Nxe4 Qxe4+ 30. Kh2 Qxh1+ 31. Kxh1 Rxg3 32. Bd2 Rd3 33. Be1 Rf3
34. Rc1 Rf1+ 35. Kg2 Rxe1 36. Rxc2 c5 37. Rd2 d4 38. Kh3 Bxf4 39. Rf2 Bg5 40.
Rf7+ Kg6 41. Rxa7 Rb1 42. a4 Rxb2 43. a5 bxa5 44. Rxa5 Rc2 45. Ra6+ Kh5 46. Re6
d3 47. Re4 d2 48. Rh4+ Kg6 0-1

[Event "POLFINAL MISTRZOSTW POLSKI JUNIOROW 2018 - D13"]
[Site "Szczyrk"]
[Date "1899-12-30"]
[Round "9.1"]
[White "Lajdamik, Anna"]
[Black "Cieslak, Jessica"]
[Result "1-0"]
[WhiteTitle "II"]
[BlackTitle "I"]
[WhiteElo "1227"]
[BlackElo "1318"]

1. e4 g6 2. Nc3 Bg7 3. d4 e6 4. Nf3 Ne7 5. Be3 b6 6. Bd3 Bb7 7. O-O O-O 8. Qd2
f5 9. Bh6 fxe4 10. Nxe4 Nf5 11. Bg5 Qe8 12. c3 Nc6 13. h4 d5 14. Ng3 Nxg3 15.
fxg3 e5 16. dxe5 Nxe5 17. Nxe5 Qxe5 18. Bf4 Qe7 19. Rae1 Qd7 20. c4 d4 21. c5
Rae8 22. Rc1 Be5 23. cxb6 Bxf4 24. Rxf4 cxb6 25. Bc4+ Kh8 26. Rxd4 Qf5 27. g4
Qe5 28. Rd7 Qc5+ 29. Kh1 Rf2 30. Qc3+ Qe5 31. Qxe5+ Rxe5 32. Rxb7 Rc5 33. Rd1
1-0

[Event "POLFINAL MISTRZOSTW POLSKI JUNIOROW 2018 - D13"]
[Site "Szczyrk"]
[Date "1899-12-30"]
[Round "9.2"]
[White "Krzyzosiak, Anna"]
[Black "Czerwinska, Oliwia"]
[Result "1/2-1/2"]
[WhiteTitle "I++"]
[BlackTitle "I"]
[WhiteElo "1515"]
[BlackElo "1300"]

1. e4 e5 2. Nf3 Nc6 3. Bc4 Bc5 4. c3 Nf6 5. d3 O-O 6. O-O d6 7. Nbd2 Ne7 8. h3
Ng6 9. Re1 h6 10. Nf1 Be6 11. Bb3 Re8 12. Ng3 Bb6 13. Be3 Qe7 14. Nf5 Qd7 15.
N3h4 Nxh4 16. Nxh4 Kh7 17. Qf3 Bxb3 18. axb3 Qe6 19. Bxb6 axb6 20. Qf5+ Qxf5 21.
Nxf5 g6 22. Ne3 Kg7 23. Kf1 Kf8 24. g3 Kg7 25. Kg2 Kf8 26. Kf1 Kg7 27. Kg2 Kf8
28. Kf1 Kg7 29. Kg2 Kf8 30. Kf1 Kg7 31. Kg2 1/2-1/2

[Event "POLFINAL MISTRZOSTW POLSKI JUNIOROW 2018 - D13"]
[Site "Szczyrk"]
[Date "1899-12-30"]
[Round "9.3"]
[White "Baran, Dagmara"]
[Black "Matusik, Zuzanna"]
[Result "0-1"]
[WhiteTitle "I"]
[BlackTitle "I"]
[WhiteElo "1220"]
[BlackElo "1074"]

1. e4 e5 2. Nf3 Nc6 3. Bb5 Nf6 4. d3 d6 5. c3 Bd7 6. Ba4 Ne7 7. Bc2 Ng6 8. O-O
h6 9. Re1 Be7 10. Nbd2 O-O 11. Nf1 Nh7 12. Ng3 Ng5 13. h3 f5 14. Bb3+ Kh8 15.
Nxg5 Bxg5 16. Qh5 Bxc1 17. Raxc1 Nf4 18. Qd1 Qg5 19. Qf3 fxe4 20. Nxe4 Qg6 21.
g4 Bc6 22. Qg3 d5 23. Nc5 b6 24. Na4 Nxd3 25. Bc2 e4 26. Bxd3 exd3 27. Rcd1 Bxa4
28. Rxd3 c6 29. b3 Bb5 30. Rd2 Rae8 31. Ra1 Qf6 32. a4 Ba6 33. Raa2 Qf3 34. Kh2
Re1 35. Qxf3 Rxf3 36. Rac2 Bf1 37. h4 Rh3+ 38. Kg1 Rxh4 39. Rb2 Rxg4+ 40. Kh2
Bg2 0-1

[Event "POLFINAL MISTRZOSTW POLSKI JUNIOROW 2018 - D13"]
[Site "Szczyrk"]
[Date "1899-12-30"]
[Round "9.4"]
[White "Kot, Marta"]
[Black "Reszka, Zofia"]
[Result "0-1"]
[WhiteTitle "II"]
[BlackTitle "I"]
[WhiteElo "1230"]
[BlackElo "1256"]

1. e4 c5 2. Nf3 e6 3. d4 cxd4 4. Nxd4 a6 5. Nc3 Qc7 6. Bd3 Nf6 7. O-O d6 8. Qe2
g6 9. Kh1 Bg7 10. f4 Nbd7 11. Bd2 O-O 12. Rae1 Nc5 13. Nf3 b5 14. a3 Bb7 15. e5
Nfd7 16. b4 Nxd3 17. exd6 Nxf4 18. dxc7 Nxe2 19. Rxe2 Rac8 20. Na2 Rxc7 21. c3
Bd5 22. Ra1 Bxa2 23. Rxa2 Bxc3 24. Bxc3 Rxc3 25. h3 Nb6 26. Re1 Rfc8 27. Kh2 Rd8
28. Ne5 Nc4 29. Nc6 Rd6 30. Ne5 Nxe5 31. Rxe5 Rdd3 32. a4 bxa4 33. Rxa4 Ra3 34.
Rea5 Rxa4 35. Rxa4 Rd6 36. Kg3 Kg7 37. Kf4 Kf6 38. g4 h6 39. h4 g5+ 40. hxg5+
hxg5+ 41. Ke4 Ke7 42. Ra5 f6 43. Ra4 Rb6 44. Kd4 Kd6 45. Ke4 e5 46. Kf5 Kd5 47.
Ra1 Kc4 48. Rc1+ Kxb4 49. Rb1+ Kc5 50. Rc1+ Kb5 51. Rb1+ Kc6 52. Rc1+ Kb7 53.
Ra1 Kc7 54. Rc1+ Kd7 55. Rd1+ Ke7 56. Rc1 Kd7 57. Rd1+ Rd6 58. Ra1 Ke7 59. Rb1
Kd8 60. Rc1 a5 61. Ra1 Ra6 62. Ra4 Kc7 63. Ke4 Kb6 64. Kd5 Kb5 65. Ra2 Kb4 66.
Ra1 a4 67. Rb1+ Kc3 68. Kc5 a3 69. Kb5 a2 70. Ra1 Kb2 71. Rxa2+ Rxa2 72. Kc5 Ra4
73. Kd5 e4 74. Ke6 e3 75. Kxf6 e2 76. Kxg5 e1=Q 77. Kh5 Ra5+ 78. g5 Qe5 79. Kh6
Qxg5+ 80. Kh7 Ra7+ 81. Kh8 Qg7# 0-1

[Event "POLFINAL MISTRZOSTW POLSKI JUNIOROW 2018 - D13"]
[Site "Szczyrk"]
[Date "1899-12-30"]
[Round "9.5"]
[White "Uliasz, Katarzyna"]
[Black "Bienek, Magdalena"]
[Result "1-0"]
[WhiteTitle "I"]
[BlackTitle "II"]
[WhiteElo "1229"]
[BlackElo "1126"]

1. e4 c5 2. Nf3 e6 3. d3 Nc6 4. c3 Nf6 5. g3 d5 6. Nbd2 Be7 7. Bg2 O-O 8. O-O b6
9. Re1 Bb7 10. Qe2 Ba6 11. e5 Nd7 12. Nf1 c4 13. d4 b5 14. Ne3 b4 15. h4 bxc3
16. bxc3 Qa5 17. Bd2 Rab8 18. Nh2 Rb2 19. f4 Rxa2 20. Rxa2 Qxa2 21. f5 Rb8 22.
fxe6 fxe6 23. Bh3 Nf8 24. Nd1 Bb5 25. h5 Na5 26. h6 g6 27. Qf2 Nb3 28. Rf1 Be8
29. Nf3 a5 30. Qe1 Nxd2 31. Nxd2 Bg5 32. Rf2 Qa4 33. Qf1 Bxh6 34. Rxf8+ Bxf8 35.
Bxe6+ Kg7 36. Qf6+ Kh6 37. Qxf8+ Kh5 38. Bg4+ Kxg4 39. Qf4+ Kh5 40. Qh4# 1-0

[Event "POLFINAL MISTRZOSTW POLSKI JUNIOROW 2018 - D13"]
[Site "Szczyrk"]
[Date "1899-12-30"]
[Round "9.6"]
[White "Pietrzak, Emilia"]
[Black "Golinska, Patrycja"]
[Result "1-0"]
[WhiteTitle "II+"]
[BlackTitle "I"]
[WhiteElo "1189"]
[BlackElo "1140"]

1. e4 e5 2. Nc3 Nf6 3. f4 d6 4. Nf3 Nc6 5. Bc4 Be7 6. O-O Bg4 7. h3 Bh5 8. g4 Bxg4
9. hxg4 Nxg4 10. d3 Bh4 11. Ng5 Nh6 12. Qh5 O-O 13. Qxh4 Nd4 14. Bb3 Ne6 15. f5
Nd4 16. f6 Qd7 17. fxg7 Kxg7 18. Ne6+ Nxe6 19. Bxh6+ Kh8 20. Qf6+ Kg8 21. Bxe6
Qxe6 22. Qg7# 1-0

[Event "POLFINAL MISTRZOSTW POLSKI JUNIOROW 2018 - D13"]
[Site "Szczyrk"]
[Date "1899-12-30"]
[Round "9.7"]
[White "Niemier, Martyna"]
[Black "Bialek, Alicja"]
[Result "1-0"]
[WhiteTitle "II"]
[BlackTitle "I"]
[WhiteElo "1231"]
[BlackElo "1331"]

1. d4 c5 2. Nf3 cxd4 3. Nxd4 Nf6 4. c4 e5 5. Nf5 d5 6. Ng3 d4 7. e3 Bc5 8. exd4
Bxd4 9. Be2 O-O 10. O-O Bd7 11. Na3 a6 12. Nc2 Ba4 13. Rb1 Bc5 14. b3 Bc6 15.
Be3 Bxe3 16. Nxe3 Nbd7 17. Qc2 Rc8 18. Qb2 Qe7 19. Rfd1 Rfd8 20. Ng4 Ne4 21. Nxe4
Bxe4 22. Bd3 Bxd3 23. Rxd3 e4 24. Rg3 Qd6 25. Ne3 Nf6 26. h3 Ne8 27. Nf5 Qc5 28.
Rxg7+ Kf8 29. g4 Nxg7 30. Qxg7+ Ke8 31. Re1 Rc7 32. Rxe4+ Kd7 33. Qxf7+ Kc8 34.
Re7 Rd1+ 35. Kg2 Qc6+ 36. f3 Rd2+ 37. Kg3 Rxa2 38. Re8+ Qxe8 39. Qxe8# 1-0

[Event "POLFINAL MISTRZOSTW POLSKI JUNIOROW 2018 - D13"]
[Site "Szczyrk"]
[Date "1899-12-30"]
[Round "9.8"]
[White "Trybus, Dominika"]
[Black "Zalega, Joanna"]
[Result "1-0"]
[WhiteTitle "II"]
[BlackTitle "II"]
[WhiteElo "1118"]
[BlackElo "1129"]

1. e4 c5 2. d3 d6 3. g3 Nc6 4. Bg2 Nf6 5. f4 g6 6. Nf3 Bg7 7. O-O Qb6 8. Kh1 Ng4
9. Nc3 c4 10. Nd5 Nf2+ 11. Rxf2 Qxf2 12. Be3 Qxe3 13. Nxe3 cxd3 14. Qxd3 Bxb2
15. Rb1 Bg7 16. f5 O-O 17. g4 Rb8 18. g5 Rd8 19. Nd5 f6 20. Qc4 Kf8 21. Nd4 Ne5
22. Qc7 Bd7 23. Ne6+ Bxe6 24. Qxe7+ Kg8 25. gxf6 Rd7 26. Qxe6+ Kf8 27. fxg7+ Kxg7
28. Qf6+ Kg8 29. fxg6 hxg6 30. Bh3 Rdd8 31. Be6+ Kh7 32. Rb3 Rf8 33. Rh3# 1-0

[Event "POLFINAL MISTRZOSTW POLSKI JUNIOROW 2018 - D13"]
[Site "Szczyrk"]
[Date "1899-12-30"]
[Round "9.10"]
[White "Labedz, Gabriela"]
[Black "Sidlo, Malgorzata"]
[Result "0-1"]
[WhiteTitle "II"]
[BlackTitle "II"]
[WhiteElo "1062"]
[BlackElo "1108"]

1. e4 e5 2. Nf3 Nc6 3. d4 exd4 4. Nxd4 Nf6 5. Nc3 h6 6. Nxc6 bxc6 7. Be3 Bb4 8.
e5 Nd5 9. Qd4 Nxe3 10. Qxe3 O-O 11. f4 d6 12. O-O-O Qe7 13. Ne2 Bc5 14. Qf3 Bb7
15. Ng3 Qe6 16. Kb1 Rab8 17. Nh5 Rfe8 18. Bd3 Kh8 19. Qg3 Rg8 20. Qh4 dxe5 21.
Rhe1 Bc8 22. Rxe5 Qg4 23. Qe1 Bd4 24. h3 Rxb2+ 25. Kc1 Qd7 26. Qe4 f5 27. Rxf5
Rb4 28. Qf3 Qe6 29. Kd2 g6 30. Ra5 Re8 31. Re5 Bxe5 32. fxe5 Qxe5 33. Qf6+ Qxf6
34. Nxf6 Rf8 35. Rf1 Kg7 36. Kc3 Rb6 37. Ne4 Rxf1 38. Bxf1 Bf5 39. Bd3 Bxe4 40.
Bxe4 Kf6 41. a4 a5 42. Kd3 g5 43. c3 Ke5 44. Bf3 c5 45. Kc4 Kd6 46. Be4 c6 47.
Bf3 Rb1 48. Kd3 Ra1 49. Kc2 Rxa4 50. Kb3 Rf4 51. c4 Kc7 52. Be2 Kb6 53. Ka4 h5
54. Kb3 g4 55. Ka4 gxh3 56. gxh3 Rh4 57. Bf1 Rf4 58. Be2 h4 59. Bd3 Rf3 60. Be4
Rc3 61. Bd3 Kc7 62. Be2 Rxh3 63. Bd1 Rc3 64. Be2 h3 65. Bf1 Kb7 66. Be2 h2 67.
Bd1 h1=Q 68. Kxa5 Ra3+ 69. Ba4 Qe1# 0-1

[Event "POLFINAL MISTRZOSTW POLSKI JUNIOROW 2018 - D13"]
[Site "Szczyrk"]
[Date "1899-12-30"]
[Round "9.12"]
[White "Szczykutowicz, Hanna"]
[Black "Samol, Julia"]
[Result "0-1"]
[WhiteTitle "II"]
[BlackTitle "III"]
[WhiteElo "1133"]
[BlackElo "1025"]

1. e4 e5 2. Nf3 Nc6 3. Bc4 Bc5 4. O-O Nf6 5. d4 exd4 6. e5 d5 7. exf6 dxc4 8. fxg7
Rg8 9. Bg5 Qd6 10. Nbd2 Bg4 11. Qe2+ Ne7 12. Nxc4 Qd5 13. Nce5 Bh5 14. Rfe1 Rxg7
15. g4 O-O-O 16. Kf1 Bxg4 17. Nxg4 Rxg5 18. Nxg5 Qh1# 0-1